[Event "Basses Vallees Angevines op 4th"]
[Site "Cantenay Epinard"]
[Date "2015.12.19"]
[Round "5"]
[White "Delafenetre, Franck"]
[Black "Giua, Marie"]
[Result "0-1"]
[WhiteElo "1576"]
[BlackElo "1380"]
[PlyCount "71"]
[EventDate "2015.12.19"]
[EventType "swiss"]
[EventRounds "5"]
[EventCountry "FRA"]
[SourceTitle "EXT 2019"]
[Source "ChessBase"]
[SourceDate "2018.10.10"]
[SourceVersion "1"]
[SourceVersionDate "2018.10.10"]
[SourceQuality "1"]

1. d4 d5 2. c4 dxc4 3. e4 Nc6 4. Nf3 Bg4 5. Be3 Bxf3 6. Qxf3 Nxd4 7. Bxd4 Qxd4 8. Nc3 e6 9. a3 Bd6 10. Be2 Qf6 11. Qh5 Qe5 12. Qf3 Qf4 13. Qh5 Nf6 14. Qb5+ Ke7 15. g3 Qe5 16. Qxc4 Qc5 17. Qd3 Rhd8 18. Qf3 Qb6 19. Rb1 Kf8 20. 0-0 Rd7 21. Rfe1 Be5 22. Bf1 Rd2 23. Re2 Rad8 24. Kg2 Rxe2 25. Nxe2 Rd2 26. b4 Qc6 27. Nc1 Qxe4 28. Be2 Qxb1 29. Nd3 Bd6 30. Qe3 Qa2 31. Nc1 Qd5+ 32. Bf3 Qd4 33. Qe1 Rc2 34. Ne2 Qd2 35. Qf1 Be5 36. Bxb7 0-1

[Event "Basses Vallees Angevines op 4th"]
[Site "Cantenay Epinard"]
[Date "2015.12.19"]
[Round "2"]
[White "Giua, Marie"]
[Black "Giua, Louka"]
[Result "0-1"]
[WhiteElo "1380"]
[BlackElo "1169"]
[PlyCount "142"]
[EventDate "2015.12.19"]
[EventType "swiss"]
[EventRounds "5"]
[EventCountry "FRA"]
[SourceTitle "EXT 2019"]
[Source "ChessBase"]
[SourceDate "2018.10.10"]
[SourceVersion "1"]
[SourceVersionDate "2018.10.10"]
[SourceQuality "1"]

1. e4 e5 2. Nf3 Nc6 3. Bc4 Bc5 4. c3 Nf6 5. d3 d6 6. Bb3 Be6 7. Bc2 0-0 8. Nbd2 Ne7 9. 0-0 c6 10. d4 exd4 11. cxd4 Bb4 12. a3 Bxd2 13. Bxd2 Qb6 14. Bc3 Ng6 15. Kh1 Rfe8 16. Qd2 Bb3 17. Rae1 Bxc2 18. Qxc2 Re7 19. Re2 Nf4 20. Ree1 Rae8 21. e5 dxe5 22. dxe5 Nd7 23. Qf5 Ng6 24. Re2 Qb5 25. Rfe1 f6 26. Nd4 Qd5 27. e6 Nc5 28. Qxd5 cxd5 29. Bb4 b6 30. g3 Nf8 31. Bxc5 bxc5 32. Nc6 Rc7 33. Na5 Rce7 34. Nb3 Rxe6 35. Rxe6 Rxe6 36. Rd1 c4 37. Nd4 Rb6 38. Rd2 Nd7 39. Kg2 Kf7 40. f4 Nc5 41. Nf5 Nd3 42. Ne3 Rxb2 43. Rxb2 Nxb2 44. Nxd5 Ke6 45. Nc3 Kd6 46. Kf3 f5 47. Ke3 Kc5 48. Kd2 Kd4 49. Kc2 Nd3 50. Nb5+ Kc5 51. Nxa7 Ne1+ 52. Kc3 Nd3 53. a4 Nb4 54. Nb5 Na2+ 55. Kb2 Nb4 56. Na3 Nd5 57. Nc2 Nb4 58. Ne3 Kd4 59. Nxf5+ Kd3 60. g4 c3+ 61. Kc1 Na2+ 62. Kb1 c2+ 63. Kxa2 c1Q 64. Nd4 Qc4+ 65. Nb3 Qxa4+ 66. Kb2 Qb4 67. h4 Qc3+ 68. Ka3 Kc4 69. Ka2 Qxb3+ 70. Ka1 Kc3 71. f5 Qb2# 0-1

[Event "FRA-ch op-D"]
[Site "Pau"]
[Date "2012.08.14"]
[Round "1"]
[White "Giua, Marie"]
[Black "Georges, Lisa"]
[Result "1-0"]
[WhiteElo "1500"]
[BlackElo "1388"]
[PlyCount "119"]
[EventDate "2012.08.14"]
[EventType "swiss"]
[EventRounds "11"]
[EventCountry "FRA"]
[SourceTitle "EXT 2014"]
[Source "ChessBase"]
[SourceDate "2013.11.20"]
[SourceVersion "1"]
[SourceVersionDate "2013.11.20"]
[SourceQuality "1"]

1. d4 Nf6 2. c4 c5 3. e3 g6 4. Nc3 cxd4 5. exd4 Bg7 6. Nf3 0-0 7. Be2 d6 8. 0-0 Bf5 9. Bg5 Re8 10. Re1 Nbd7 11. h3 Rc8 12. Rc1 Nb6 13. Nb5 a6 14. Na3 Ne4 15. Bf4 Qd7 16. Bf1 Nf6 17. c5 dxc5 18. dxc5 Qxd1 19. Rexd1 Nbd5 20. Be5 Nb4 21. Bc4 Rxc5 22. Bxf7+ Kxf7 23. Rxc5 Nd7 24. Rc4 Nxe5 25. Nxe5+ Bxe5 26. Rxb4 b5 27. g4 Bd6 28. Rxd6 Be6 29. Rxa6 Bxa2 30. Nxb5 Bd5 31. Nc7 Rd8 32. Rd4 e6 33. Nxd5 exd5 34. Ra5 Ke6 35. f4 Rb8 36. Rdxd5 Rxb2 37. f5+ gxf5 38. Rxf5 Rb1+ 39. Kg2 Rb2+ 40. Kg3 Rb6 41. Kh4 Kd7 42. Ra7+ Kc6 43. Rf6+ Kc5 44. Rxb6 Kxb6 45. Rd7 Kc6 46. Rd1 Kc7 47. Kg5 Kc8 48. Kf6 Kc7 49. Ke6 Kc6 50. Rc1+ Kb5 51. Kd6 Kb4 52. Kd5 Kb3 53. Kd4 Kb2 54. Rc6 Kb1 55. Kd3 Kb2 56. Rc7 h6 57. Rc6 Kb1 58. Kd2 Ka1 59. Kc2 Ka2 60. Ra6# 1-0